[Event "ROM-chT Rapid (Women)"]
[Site "Sebes"]
[Date "2023.12.02"]
[Round "2.4"]
[White "Hoanca, Alexia Ioana"]
[Black "Visanescu, Daria Ioana"]
[Result "0-1"]
[WhiteElo "1748"]
[BlackElo "2078"]
[PlyCount "100"]
[EventDate "2023.12.02"]
[EventType "team-tourn (rapid)"]
[EventRounds "7"]
[EventCountry "ROU"]
[SourceTitle "CB49_2023"]
[SourceDate "2023.12.06"]
[SourceVersion "1"]
[SourceVersionDate "2023.12.06"]
[SourceQuality "1"]
[WhiteTeam "Bucharest CSU  (W)"]
[BlackTeam "Arnia Chess IT (W)"]
[WhiteTeamCountry "ROU"]
[BlackTeamCountry "ROU"]

1. e4 c5 2. Nf3 e6 3. d3 d5 4. Nbd2 Nc6 5. g3 Nf6 6. Bg2 Be7 7. 0-0 dxe4 8. dxe4 0-0 9. e5 Nd5 10. c3 Qc7 11. Qe2 Rd8 12. Re1 b6 13. h4 a5 14. h5 Ba6 15. Qe4 a4 16. a3 b5 17. Qg4 b4 18. c4 Nb6 19. Bf1 Nd4 20. Bd3 Bb7 21. Ne4 Nxf3+ 22. Qxf3 Qxe5 23. Bf4 Qxb2 24. Bc7 Nd7 25. Qe2 Qxe2 26. Rxe2 Rdc8 27. Bf4 b3 28. h6 e5 29. Bg5 f6 30. Be3 f5 31. Ng5 e4 32. Bb1 Bf6 33. Raa2 bxa2 34. Bxa2 gxh6 35. Ne6 Ra6 36. Nf4 Ne5 37. Rb2 Ba8 38. Rb1 Nd3 39. Kg2 Nxf4+ 40. Bxf4 e3+ 41. Kf1 exf2 42. Kxf2 Kg7 43. Rd1 Bd4+ 44. Kf1 Re8 45. Bb1 Be4 46. Bxe4 Rxe4 47. Rb1 Rae6 48. Rb7+ Re7 49. Rb6 Re1+ 50. Kg2 R7e2+ 0-1

[Event "ROM-chT Rapid (Women)"]
[Site "Sebes"]
[Date "2023.12.02"]
[Round "6.7"]
[White "Visanescu, Daria Ioana"]
[Black "Toba, Andreea Valentina"]
[Result "1-0"]
[WhiteElo "2078"]
[BlackElo "1614"]
[PlyCount "51"]
[EventDate "2023.12.02"]
[EventType "team-tourn (rapid)"]
[EventRounds "7"]
[EventCountry "ROU"]
[SourceTitle "CB49_2023"]
[SourceDate "2023.12.06"]
[SourceVersion "1"]
[SourceVersionDate "2023.12.06"]
[SourceQuality "1"]
[WhiteTeam "Arnia Chess IT (W)"]
[BlackTeam "Craiova (W)"]
[WhiteTeamCountry "ROU"]
[BlackTeamCountry "ROU"]

1. e4 g6 2. d4 Bg7 3. Be3 d6 4. Nc3 Nd7 5. Nf3 Ngf6 6. Bc4 0-0 7. e5 Ng4 8. e6 Nxe3 9. exf7+ Kh8 10. fxe3 Nb6 11. Bb3 d5 12. 0-0 Rxf7 13. Ng5 Rxf1+ 14. Qxf1 Qf8 15. Nxd5 Nxd5 16. Bxd5 Bf6 17. Nf7+ Kg7 18. Ne5 e6 19. Be4 Qb4 20. Ng4 Bg5 21. h4 Bxh4 22. Qf4 Bd8 23. Rf1 Qe7 24. Qh6+ Kg8 25. Nf6+ Kh8 26. Nxh7 1-0

[Event "ROM-chT (Women)"]
[Site "Eforie Nord"]
[Date "2023.09.27"]
[Round "5.3"]
[White "Visanescu, Daria Ioana"]
[Black "Balan, Briana Cleopatra"]
[Result "1-0"]
[WhiteElo "2075"]
[BlackElo "1791"]
[PlyCount "95"]
[EventDate "2023.09.23"]
[EventType "team-tourn"]
[EventRounds "7"]
[EventCountry "ROU"]
[SourceTitle "EXT 2024"]
[Source "ChessBase"]
[SourceDate "2023.10.10"]
[SourceVersion "1"]
[SourceVersionDate "2023.10.10"]
[SourceQuality "1"]
[WhiteTeam "Arnia ChessIT (W)"]
[BlackTeam "Sighetu Marmatiei (W)"]
[WhiteTeamCountry "ROU"]
[BlackTeamCountry "ROU"]

1. e4 c5 2. c3 d5 3. exd5 Qxd5 4. d4 g6 5. Be3 cxd4 6. Bxd4 e5 7. Qe2 Nc6 8. Be3 Be6 9. Nd2 Nf6 10. Nb3 Rd8 11. h3 Ne4 12. Nf3 Bg7 13. Qb5 Nd6 14. Qxd5 Bxd5 15. 0-0-0 Be6 16. Ng5 Bxb3 17. axb3 b6 18. g4 h6 19. Bg2 Na5 20. Ne4 Nxe4 21. Bxe4 Nxb3+ 22. Kc2 Nc5 23. Bc6+ Ke7 24. b4 Rc8 25. Bxc5+ bxc5 26. Rd7+ Ke6 27. b5 Bf6 28. Rhd1 Be7 29. Rxa7 Rcd8 30. Bd7+ Kf6 31. Rda1 Rb8 32. R1a6+ Kg7 33. Bc6 Bd8 34. Bd5 Rf8 35. c4 Rc8 36. Rd6 Rc7 37. Rxc7 Bxc7 38. Rc6 Ba5 39. Rxc5 Bb6 40. Rc6 Bxf2 41. Rc7 Bb6 42. Rb7 Bc5 43. Kd3 Kf6 44. Ke4 Be7 45. b6 Bd6 46. Rd7 Bc5 47. b7 Bd4 48. Rxf7+ 1-0

[Event "ROM-chT Blitz (Women)"]
[Site "Sebes"]
[Date "2022.12.04"]
[Round "2.2"]
[White "Chicarosie, Ioana Bianca"]
[Black "Visanescu, Daria Ioana"]
[Result "0-1"]
[WhiteElo "1815"]
[BlackElo "2117"]
[PlyCount "98"]
[EventDate "2022.12.04"]
[EventType "team-tourn (blitz)"]
[EventRounds "6"]
[EventCountry "ROU"]
[SourceTitle "CBM 211 Extra"]
[Source "ChessBase"]
[SourceDate "2023.01.31"]
[SourceVersion "1"]
[SourceVersionDate "2023.01.31"]
[SourceQuality "1"]
[WhiteTeam "Bucharest CSU (W)"]
[BlackTeam "Arnia Chess (W)"]
[WhiteTeamCountry "ROU"]
[BlackTeamCountry "ROU"]

1. d4 d5 2. Nf3 Nf6 3. g3 e6 4. Bg2 Be7 5. 0-0 0-0 6. c4 c6 7. Nc3 Nbd7 8. Re1 b6 9. e4 dxe4 10. Nxe4 Nxe4 11. Rxe4 Bb7 12. Re1 Nf6 13. Ne5 Rc8 14. Bg5 h6 15. Be3 Qc7 16. Qa4 Rfd8 17. Rad1 a6 18. Bf4 b5 19. Qc2 Qb6 20. Be3 Qa5 21. b3 Ba8 22. Rd3 Nd7 23. Bd2 Qb6 24. Be3 Nxe5 25. dxe5 Bc5 26. Rxd8+ Rxd8 27. cxb5 Bxe3 28. Rxe3 cxb5 29. Bxa8 Rxa8 30. Rd3 Rd8 31. Qd2 Rxd3 32. Qxd3 Qc7 33. Qd6 Qxd6 34. exd6 Kf8 35. Kf1 Ke8 36. Ke2 Kd7 37. Ke3 Kxd6 38. Kd4 e5+ 39. Ke4 g6 40. g4 f6 41. h4 a5 42. f3 Kc5 43. a3 Kd6 44. Kd3 Kd5 45. Ke3 f5 46. h5 f4+ 47. Kd3 gxh5 48. gxh5 Ke6 49. Ke4 Kf6 0-1

[Event "ROM-chT Blitz (Women)"]
[Site "Sebes"]
[Date "2022.12.04"]
[Round "4.2"]
[White "Cosma, Elena Luminita"]
[Black "Visanescu, Daria Ioana"]
[Result "1-0"]
[WhiteElo "2244"]
[BlackElo "2117"]
[PlyCount "51"]
[EventDate "2022.12.04"]
[EventType "team-tourn (blitz)"]
[EventRounds "6"]
[EventCountry "ROU"]
[SourceTitle "CBM 211 Extra"]
[Source "ChessBase"]
[SourceDate "2023.01.31"]
[SourceVersion "1"]
[SourceVersionDate "2023.01.31"]
[SourceQuality "1"]
[WhiteTeam "Bucharest CSU ASE (W)"]
[BlackTeam "Arnia Chess (W)"]
[WhiteTeamCountry "ROU"]
[BlackTeamCountry "ROU"]

1. d4 d5 2. c4 e6 3. Nf3 c5 4. cxd5 exd5 5. g3 Nf6 6. Bg2 Nc6 7. 0-0 Be7 8. Nc3 Be6 9. dxc5 Bxc5 10. Bg5 Be7 11. Nd4 0-0 12. Rc1 h6 13. Bf4 Qb6 14. Nxc6 bxc6 15. Na4 Qb5 16. Be3 Ne4 17. a3 Rfc8 18. Bxe4 dxe4 19. Bc5 Bf6 20. b4 Rd8 21. Qc2 e3 22. Bxe3 Bh3 23. Rfd1 Rdc8 24. Nc5 Qb6 25. Ne4 Be7 26. Bxb6 1-0

[Event "ROM-ch blitz (Women)"]
[Site "Bucharest"]
[Date "2022.03.13"]
[Round "5"]
[White "Peptan, Corina Isabela"]
[Black "Visanescu, Daria Ioana"]
[Result "1-0"]
[WhiteElo "2293"]
[BlackElo "1894"]
[PlyCount "35"]
[EventDate "2022.03.13"]
[EventType "swiss (blitz)"]
[EventRounds "9"]
[EventCountry "ROU"]
[SourceTitle "EXT 2023"]
[Source "ChessBase"]
[SourceDate "2022.10.05"]
[SourceVersion "1"]
[SourceVersionDate "2022.10.05"]
[SourceQuality "1"]

1. d4 d5 2. c4 e6 3. Nf3 Nf6 4. Nc3 Be7 5. Bf4 0-0 6. e3 b6 7. h3 Bb7 8. cxd5 Nxd5 9. Nxd5 Bxd5 10. a3 c5 11. dxc5 Bxc5 12. Rc1 Qe7 13. b4 Bd6 14. Bxd6 Qxd6 15. e4 Re8 16. exd5 exd5+ 17. Be2 Qe7 18. Rc2 1-0

[Event "ROM-ch blitz (Women)"]
[Site "Bucharest"]
[Date "2022.03.13"]
[Round "4"]
[White "Visanescu, Daria Ioana"]
[Black "Cosma, Elena Luminita"]
[Result "1-0"]
[WhiteElo "1894"]
[BlackElo "2041"]
[PlyCount "37"]
[EventDate "2022.03.13"]
[EventType "swiss (blitz)"]
[EventRounds "9"]
[EventCountry "ROU"]
[SourceTitle "EXT 2023"]
[Source "ChessBase"]
[SourceDate "2022.10.05"]
[SourceVersion "1"]
[SourceVersionDate "2022.10.05"]
[SourceQuality "1"]

1. e4 e6 2. d4 d5 3. Nd2 Nf6 4. Bd3 dxe4 5. Nxe4 Nxe4 6. Bxe4 c5 7. Nf3 Nc6 8. Be3 Qb6 9. 0-0 Bd7 10. d5 Nb4 11. Ne5 Rd8 12. Qf3 f5 13. Qh5+ g6 14. Nxg6 hxg6 15. Qxg6+ Ke7 16. Bg5+ Kd6 17. Bf4+ Ke7 18. d6+ Qxd6 19. Bg5# 1-0

[Event "ROM-ch Rapid (Women)"]
[Site "Bucharest"]
[Date "2022.03.12"]
[Round "9"]
[White "Sandu, Mihaela"]
[Black "Visanescu, Daria Ioana"]
[Result "1-0"]
[WhiteElo "2269"]
[BlackElo "2135"]
[PlyCount "83"]
[EventDate "2022.03.11"]
[EventType "swiss (rapid)"]
[EventRounds "9"]
[EventCountry "ROU"]
[SourceTitle "CBM 207 Extra"]
[Source "ChessBase"]
[SourceDate "2022.05.31"]
[SourceVersion "1"]
[SourceVersionDate "2022.05.31"]
[SourceQuality "1"]

1. e4 c5 2. Nf3 e6 3. d4 cxd4 4. Nxd4 a6 5. Nc3 Qc7 6. Bd3 Nf6 7. f4 Bb4 8. Bd2 d6 9. Qe2 Nbd7 10. 0-0 Bc5 11. Be3 b5 12. Nf3 Bb7 13. Kh1 b4 14. Na4 Bxe3 15. Qxe3 Qc6 16. b3 Nxe4 17. Qd4 Nd2 18. Rf2 Nxf3 19. Rxf3 0-0 20. Rg3 e5 21. fxe5 dxe5 22. Qxb4 e4 23. Bc4 g6 24. Nc3 Nb6 25. Re1 Rae8 26. Bf1 Nd5 27. Nxd5 Qxd5 28. c4 Qc6 29. c5 Rd8 30. Qc3 Rfe8 31. b4 Rd5 32. Bc4 Rde5 33. Rf1 R5e7 34. Qe3 Rd8 35. Rh3 h5 36. Qg5 e3 37. Rhf3 Rde8 38. Rxf7 Re4 39. R7f6+ Rxc4 40. Qxg6+ Kh8 41. Qh6+ Kg8 42. Rf8+ 1-0

[Event "ROM-chT (Women)"]
[Site "Mamaia"]
[Date "2021.10.07"]
[Round "6.2"]
[White "Obada, Ema"]
[Black "Visanescu, Daria Ioana"]
[Result "0-1"]
[WhiteElo "1964"]
[BlackElo "2134"]
[PlyCount "64"]
[EventDate "2021.10.02"]
[EventType "team-tourn"]
[EventRounds "10"]
[EventCountry "ROU"]
[SourceTitle "CBM 204 Extra"]
[Source "ChessBase"]
[SourceDate "2021.11.30"]
[SourceVersion "1"]
[SourceVersionDate "2021.11.30"]
[SourceQuality "1"]
[WhiteTeam "Sighetu Marmatiei (W)"]
[BlackTeam "Arnia ChessIT (W)"]
[WhiteTeamCountry "ROU"]
[BlackTeamCountry "ROU"]

1. e4 c5 2. Nf3 e6 3. g3 Nc6 4. Bg2 Nge7 5. 0-0 d5 6. exd5 Nxd5 7. Qe2 Be7 8. c3 0-0 9. Na3 b6 10. Rd1 Bb7 11. Nc2 Bf6 12. d4 Qc8 13. dxc5 bxc5 14. Ng5 Bxg5 15. Bxg5 h6 16. Bc1 Rd8 17. Ne3 Nce7 18. c4 Ba6 19. b3 Rb8 20. Bb2 Nxe3 21. Rxd8+ Qxd8 22. Qxe3 Qb6 23. g4 Rd8 24. Re1 Nc6 25. g5 hxg5 26. Bxc6 Qxc6 27. Qxg5 f6 28. Bxf6 Rd7 29. h4 Bb7 30. Kh2 Qf3 31. Qg6 Qxf2+ 32. Kh3 Rd3+ 0-1

[Event "Arad op 12th"]
[Site "Arad"]
[Date "2019.07.29"]
[Round "7"]
[White "Visanescu, Daria Ioana"]
[Black "Jianu, Vlad Cristian"]
[Result "1/2-1/2"]
[WhiteElo "2079"]
[BlackElo "2523"]
[PlyCount "56"]
[EventDate "2019.07.24"]
[EventType "swiss"]
[EventRounds "9"]
[EventCountry "ROU"]
[SourceTitle "CBM 191 Extra"]
[Source "ChessBase"]
[SourceDate "2019.09.30"]
[SourceVersion "1"]
[SourceVersionDate "2019.09.30"]
[SourceQuality "1"]

1. e4 c5 2. c3 d6 3. Bd3 g6 4. Nf3 Bg7 5. 0-0 Nf6 6. Bc2 0-0 7. h3 Nc6 8. a3 e5 9. d4 exd4 10. cxd4 cxd4 11. Nxd4 Nxd4 12. Qxd4 Re8 13. Qa4 Bd7 14. Qb4 a5 15. Qxd6 Nxe4 16. Bxe4 Rxe4 17. Nc3 Bxc3 18. Qd3 Qe8 19. Qxc3 Rc8 20. Qf6 Rc6 21. Qf3 Rce6 22. Bd2 Bb5 23. Rfc1 Bc6 24. Qc3 a4 25. Rd1 Qe7 26. Be3 Qh4 27. Rd4 Rxd4 28. Qxd4 Qxd4 1/2-1/2

[Event "ROM-chT (Women)"]
[Site "Sovata"]
[Date "2018.11.25"]
[Round "1.3"]
[White "Dragomirescu, Angela"]
[Black "Visanescu, Daria Ioana"]
[Result "1-0"]
[WhiteElo "2275"]
[BlackElo "2096"]
[PlyCount "89"]
[EventDate "2018.11.25"]
[EventType "team-tourn"]
[EventRounds "7"]
[EventCountry "ROU"]
[SourceTitle "CBM 187 Extra"]
[Source "ChessBase"]
[SourceDate "2018.11.04"]
[SourceVersion "1"]
[SourceVersionDate "2018.11.04"]
[SourceQuality "1"]
[WhiteTeam "Timisoara Medicina (W)"]
[BlackTeam "Arnia Chessit (W)"]
[WhiteTeamCountry "ROU"]
[BlackTeamCountry "ROU"]

1. Nf3 d5 2. c4 e6 3. b3 Nf6 4. Bb2 b6 5. g3 Bb7 6. Bg2 Nbd7 7. 0-0 Be7 8. cxd5 Bxd5 9. Nc3 Bb7 10. Rc1 c5 11. Qc2 a6 12. Rfd1 Qc7 13. d4 Rc8 14. Qb1 Qb8 15. dxc5 Nxc5 16. b4 Ncd7 17. Na4 Bc6 18. Rxc6 Rxc6 19. Ne5 Rd6 20. Rc1 0-0 21. Nc4 Rd5 22. Bxf6 Nxf6 23. Bxd5 Nxd5 24. e4 Nxb4 25. Ncxb6 Rd8 26. Rc3 Qb7 27. Rb3 Rd4 28. a3 Nc6 29. Nd5 Qd7 30. Rb7 Qe8 31. Nxe7+ Nxe7 32. Nc5 Nc6 33. Qb6 e5 34. Kg2 h5 35. h4 Kh7 36. Qxa6 Ne7 37. Qb5 Qd8 38. Qb6 Qe8 39. Qc7 Nc6 40. Qxf7 Qxf7 41. Rxf7 Rc4 42. Ne6 Kg6 43. Rc7 Kf6 44. Nxg7 Rxe4 45. Ne8+ 1-0

[Event "Arad op 11th"]
[Site "Arad"]
[Date "2018.08.12"]
[Round "9"]
[White "Visanescu, Daria Ioana"]
[Black "Geiger, Alex Emanuel"]
[Result "1/2-1/2"]
[WhiteElo "2075"]
[BlackElo "2229"]
[PlyCount "30"]
[EventDate "2018.08.05"]
[EventType "swiss"]
[EventRounds "9"]
[EventCountry "ROU"]
[SourceTitle "CBM 185 Extra"]
[Source "ChessBase"]
[SourceDate "2018.07.29"]
[SourceVersion "1"]
[SourceVersionDate "2018.07.29"]
[SourceQuality "1"]

1. e4 c5 2. c3 d5 3. exd5 Qxd5 4. d4 e6 5. Nf3 Nf6 6. Be2 Be7 7. Be3 0-0 8. 0-0 Rd8 9. c4 Qd7 10. Nc3 cxd4 11. Qxd4 Nc6 12. Qf4 Nh5 13. Qg4 Nf6 14. Qf4 Nh5 15. Qg4 Nf6 1/2-1/2

[Event "Arad op 11th"]
[Site "Arad"]
[Date "2018.08.11"]
[Round "8"]
[White "Pisu, Robert Daniel"]
[Black "Visanescu, Daria Ioana"]
[Result "1/2-1/2"]
[WhiteElo "2282"]
[BlackElo "2075"]
[PlyCount "78"]
[EventDate "2018.08.05"]
[EventType "swiss"]
[EventRounds "9"]
[EventCountry "ROU"]
[SourceTitle "CBM 185 Extra"]
[Source "ChessBase"]
[SourceDate "2018.07.29"]
[SourceVersion "1"]
[SourceVersionDate "2018.07.29"]
[SourceQuality "1"]

1. d4 d5 2. Bf4 Nf6 3. e3 Bf5 4. c4 c6 5. Nc3 dxc4 6. Bxc4 e6 7. Nge2 Bb4 8. 0-0 0-0 9. a3 Bxc3 10. Nxc3 Nd5 11. Bg3 Nd7 12. Qe2 N7b6 13. Bb3 Bg6 14. e4 Nxc3 15. bxc3 Qe7 16. f4 c5 17. Qf3 c4 18. Bc2 f5 19. Rfe1 fxe4 20. Bxe4 Bxe4 21. Rxe4 Rae8 22. a4 Nd5 23. Rae1 Qd7 24. Re5 g6 25. h4 Rf5 26. h5 Kf7 27. hxg6+ hxg6 28. Rxf5+ exf5 29. Rxe8 Kxe8 30. Qe2+ Qe7 31. Qxc4 Qe3+ 32. Kh2 Nf6 33. Qc8+ Kf7 34. Qxb7+ Kg8 35. Qb8+ Kh7 36. Qf8 Ng4+ 37. Kh3 Nf2+ 38. Kh2 Ng4+ 39. Kh3 Nf2+ 1/2-1/2

[Event "Arad op 11th"]
[Site "Arad"]
[Date "2018.08.07"]
[Round "4"]
[White "Balla, Tamas Kristof"]
[Black "Visanescu, Daria Ioana"]
[Result "1-0"]
[WhiteElo "2352"]
[BlackElo "2075"]
[PlyCount "109"]
[EventDate "2018.08.05"]
[EventType "swiss"]
[EventRounds "9"]
[EventCountry "ROU"]
[SourceTitle "CBM 185 Extra"]
[Source "ChessBase"]
[SourceDate "2018.07.29"]
[SourceVersion "1"]
[SourceVersionDate "2018.07.29"]
[SourceQuality "1"]

1. d4 d5 2. c4 e6 3. Nf3 a6 4. cxd5 exd5 5. Nc3 c6 6. Bf4 Bd6 7. Bg3 Ne7 8. e3 0-0 9. Qb3 b5 10. Be2 Bg4 11. Rc1 Re8 12. Bxd6 Qxd6 13. Ne5 Bxe2 14. Nxe2 Rc8 15. Nd3 Nd7 16. 0-0 Nb6 17. Nc5 a5 18. Qd3 a4 19. Ng3 Qf6 20. Rc2 Ra7 21. Rfc1 g6 22. Qe2 Kg7 23. Qg4 Qd6 24. h4 f5 25. Qf3 Rf8 26. Ne2 h6 27. Nf4 Rf6 28. Ncd3 Nd7 29. Qg3 Kh7 30. Qf3 Ra8 31. h5 gxh5 32. Qxh5 Rg8 33. Qh3 Rg4 34. f3 Rg5 35. Kf2 b4 36. Rh1 b3 37. axb3 axb3 38. Rc3 Qb8 39. Qh4 Kg8 40. Nh5 Rf7 41. Qf4 Qe8 42. Rxb3 Rh7 43. Qh2 Qc8 44. Ne5 Rxh5 45. Qxh5 Nxe5 46. dxe5 c5 47. Ra1 d4 48. e4 c4 49. Rba3 Qc5 50. Ra8+ Kg7 51. R1a5 Qb4 52. exf5 Qd2+ 53. Kg3 Nxf5+ 54. Qxf5 Qe1+ 55. Kh2 1-0

[Event "Arad op 11th"]
[Site "Arad"]
[Date "2018.08.06"]
[Round "2"]
[White "Abramovic, Bosko"]
[Black "Visanescu, Daria Ioana"]
[Result "1-0"]
[WhiteElo "2400"]
[BlackElo "2075"]
[PlyCount "61"]
[EventDate "2018.08.05"]
[EventType "swiss"]
[EventRounds "9"]
[EventCountry "ROU"]
[SourceTitle "CBM 185 Extra"]
[Source "ChessBase"]
[SourceDate "2018.07.29"]
[SourceVersion "1"]
[SourceVersionDate "2018.07.29"]
[SourceQuality "1"]

1. d4 d5 2. c4 e6 3. Nc3 Nf6 4. cxd5 exd5 5. Bg5 Be7 6. e3 0-0 7. Bd3 h6 8. Bh4 Be6 9. Nge2 Nh5 10. Bxe7 Qxe7 11. Qd2 Nd7 12. 0-0 c6 13. f3 Rad8 14. Rad1 Nb6 15. b3 Rfe8 16. e4 dxe4 17. fxe4 Bg4 18. h3 Bxe2 19. Nxe2 Qh4 20. Rf3 c5 21. Rdf1 cxd4 22. Rxf7 Nf6 23. Rxb7 Nxe4 24. Bxe4 Qxe4 25. Rff7 g5 26. Rg7+ Kh8 27. Ng3 Qe3+ 28. Qxe3 dxe3 29. Rh7+ Kg8 30. Rbg7+ Kf8 31. Nf5 1-0

[Event "Arad op 10th"]
[Site "Arad"]
[Date "2017.08.10"]
[Round "6"]
[White "Pisu, Robert Daniel"]
[Black "Visanescu, Daria Ioana"]
[Result "1/2-1/2"]
[WhiteElo "2261"]
[BlackElo "2079"]
[PlyCount "101"]
[EventDate "2017.08.06"]
[EventType "swiss"]
[EventRounds "9"]
[EventCountry "ROU"]
[SourceTitle "CBM 179 Extra"]
[Source "ChessBase"]
[SourceDate "2017.08.23"]
[SourceVersion "1"]
[SourceVersionDate "2017.08.23"]
[SourceQuality "1"]

1. d4 d5 2. c4 e6 3. Nc3 Nf6 4. cxd5 exd5 5. g3 Be7 6. Bg2 0-0 7. Nh3 c6 8. 0-0 Bf5 9. f3 c5 10. Nf2 cxd4 11. Nb5 d3 12. e3 Nc6 13. Nxd3 Qb6 14. Nc3 Rfd8 15. Nf4 Nb4 16. g4 Bc2 17. Qe2 d4 18. exd4 Qxd4+ 19. Be3 Qe5 20. g5 Ne8 21. a3 Bd3 22. Nxd3 Rxd3 23. f4 Qe6 24. Be4 Rxe3 25. Qxe3 Nc2 26. Qf3 Nxa1 27. Rxa1 Nc7 28. Re1 Qb6+ 29. Kh1 Bd6 30. Rd1 Rd8 31. b4 a5 32. bxa5 Qxa5 33. Bxb7 Qxa3 34. Qc6 Ne8 35. Nb5 Qb3 36. Re1 Bf8 37. Nc3 Nd6 38. Ba6 Nf5 39. Bc4 Qb8 40. g6 hxg6 41. Bxf7+ Kh8 42. Qxg6 Qxf4 43. Bd5 Qf2 44. Qh5+ Nh6 45. Rd1 Rb8 46. Ne4 Qf5 47. Ng5 Rb5 48. Nf7+ Kh7 49. Ng5+ Kh8 50. Nf7+ Kh7 51. Ng5+ 1/2-1/2

[Event "Arad op 10th"]
[Site "Arad"]
[Date "2017.08.08"]
[Round "4"]
[White "Costachi, Mihnea"]
[Black "Visanescu, Daria Ioana"]
[Result "1-0"]
[WhiteElo "2423"]
[BlackElo "2079"]
[PlyCount "69"]
[EventDate "2017.08.06"]
[EventType "swiss"]
[EventRounds "9"]
[EventCountry "ROU"]
[SourceTitle "CBM 179 Extra"]
[Source "ChessBase"]
[SourceDate "2017.08.23"]
[SourceVersion "1"]
[SourceVersionDate "2017.08.23"]
[SourceQuality "1"]

1. d4 d5 2. c4 e6 3. Nc3 Nf6 4. cxd5 exd5 5. Bg5 Be7 6. e3 Bf5 7. Bxf6 Bxf6 8. Qb3 Qc8 9. Nxd5 Bd8 10. Nc3 0-0 11. Nf3 Nc6 12. Be2 Be7 13. 0-0 a6 14. d5 Na5 15. Qa4 b6 16. e4 Bg4 17. e5 Re8 18. Rfe1 Bf8 19. e6 Bf5 20. exf7+ Kxf7 21. Nd4 Kg8 22. Bf3 Rxe1+ 23. Rxe1 Bd6 24. Ne4 Bxe4 25. Bxe4 Nb7 26. Qc2 h6 27. Qc6 Na5 28. Qc3 Qf8 29. Ne6 Qf6 30. Qc1 b5 31. b3 Rb8 32. Bb1 Bb4 33. Re3 Rc8 34. Qc2 g6 35. Rf3 1-0

[Event "ROM-ch (Women)"]
[Site "Calimanesti Caciulata"]
[Date "2017.04.01"]
[Round "8"]
[White "Visanescu, Daria Ioana"]
[Black "Sandu, Mihaela"]
[Result "1-0"]
[WhiteElo "2036"]
[BlackElo "2261"]
[PlyCount "41"]
[EventDate "2017.03.25"]
[EventType "swiss"]
[EventRounds "9"]
[EventCountry "ROU"]
[SourceTitle "CBM 177 Extra"]
[Source "ChessBase"]
[SourceDate "2017.04.27"]
[SourceVersion "1"]
[SourceVersionDate "2017.04.27"]
[SourceQuality "1"]

1. e4 c5 2. Nf3 e6 3. d4 cxd4 4. Nxd4 a6 5. c4 Nf6 6. Nc3 Qc7 7. Be2 Bb4 8. Nc2 Bxc3+ 9. bxc3 0-0 10. Ba3 Nxe4 11. Bxf8 Kxf8 12. Qd3 Qe5 13. Nd4 Nc6 14. Nxc6 bxc6 15. 0-0 Nf6 16. Bf3 a5 17. Rfe1 Qc5 18. Qd4 Qe7 19. Qb6 Ne8 20. Red1 Nd6 21. Rxd6 1-0

[Event "ROM-ch (Women)"]
[Site "Calimanesti Caciulata"]
[Date "2017.03.27"]
[Round "3"]
[White "Visanescu, Daria Ioana"]
[Black "Cosman, Andreea Marioara"]
[Result "1/2-1/2"]
[WhiteElo "2036"]
[BlackElo "2120"]
[PlyCount "43"]
[EventDate "2017.03.25"]
[EventType "swiss"]
[EventRounds "9"]
[EventCountry "ROU"]
[SourceTitle "CBM 177 Extra"]
[Source "ChessBase"]
[SourceDate "2017.04.27"]
[SourceVersion "1"]
[SourceVersionDate "2017.04.27"]
[SourceQuality "1"]

1. e4 c5 2. c3 d5 3. exd5 Qxd5 4. d4 Nc6 5. Nf3 Bg4 6. Nbd2 e6 7. Bc4 Qd7 8. 0-0 Nf6 9. Re1 cxd4 10. cxd4 Be7 11. Qa4 0-0 12. Bb5 Qd5 13. Bxc6 bxc6 14. Ne5 Qb5 15. Qc2 Rac8 16. Nxg4 Nxg4 17. h3 Nf6 18. Nc4 c5 19. dxc5 Bxc5 20. b3 Bd4 21. Rb1 Rfd8 22. Bb2 1/2-1/2

[Event "ROM-ch (Women)"]
[Site "Calimanesti Caciulata"]
[Date "2017.03.26"]
[Round "2"]
[White "Sgircea, Silvia Raluca"]
[Black "Visanescu, Daria Ioana"]
[Result "1/2-1/2"]
[WhiteElo "2276"]
[BlackElo "2036"]
[PlyCount "60"]
[EventDate "2017.03.25"]
[EventType "swiss"]
[EventRounds "9"]
[EventCountry "ROU"]
[SourceTitle "CBM 177 Extra"]
[Source "ChessBase"]
[SourceDate "2017.04.27"]
[SourceVersion "1"]
[SourceVersionDate "2017.04.27"]
[SourceQuality "1"]

1. d4 d5 2. Nf3 c5 3. g3 e6 4. Bg2 Nc6 5. 0-0 Nf6 6. a3 c4 7. Nc3 a6 8. Re1 Be7 9. e4 0-0 10. exd5 exd5 11. Ne5 Be6 12. Be3 Qb6 13. Qd2 Rfd8 14. Ne2 Ne4 15. Qc1 Nxe5 16. dxe5 Bc5 17. Bxc5 Qxc5 18. Bxe4 dxe4 19. Qf4 e3 20. Qxe3 Qxe3 21. fxe3 Rd2 22. Nd4 Bd5 23. Re2 Rxe2 24. Nxe2 Be4 25. Nd4 Re8 26. Rd1 Rxe5 27. Rd2 g6 28. Re2 Kg7 29. Kf2 h5 30. Ke1 h4 1/2-1/2